The future of NATO-Russian relations : or how to dance with a bear and not get mauled /

Bibliographic Details
Main Author: Hendrickson, Gordon B.
Format: Government Document Book
Language:English
Published: Maxwell Air Force Base, Ala. : Air University Press, [2006]
Series:Walker paper (Maxwell Air Force Base, Ala.) ; no. 6.
Subjects:
Online Access:https://purl.fdlp.gov/GPO/LPS102766

MARC

Tag First Indicator Second Indicator Subfields
LEADER 00000cam a2200000Ka 4500
001 in00002432467
005 20211202185746.0
006 m d f
008 080923s2006 alu sb f000 0 eng d
035 |a (OCoLC)ocn256020948 
040 |a GPO  |c GPO  |d MvI  |d UtOrBLW 
049 |a WWW 
074 |a 0422-K-06 (online) 
086 0 |a D 301.26/6-10:6 
100 1 |a Hendrickson, Gordon B. 
245 1 4 |a The future of NATO-Russian relations :  |b or how to dance with a bear and not get mauled /  |c Gordon B. Hendrickson. 
264 1 |a Maxwell Air Force Base, Ala. :  |b Air University Press,  |c [2006] 
300 |a xiii, 59 pages :  |b digital, PDF file. 
336 |a text  |b txt  |2 rdacontent 
337 |a computer  |b c  |2 rdamedia 
338 |a unspecified  |b zu  |2 rdacarrier 
490 1 |a Walker paper ;  |v no. 6 
538 |a Mode of access: Internet at the Air University Press web site. Address as of 9/23/08: http://aupress.maxwell.af.mil/Walker&5FPapers/Hendrickson/WP6%20-%20Hendrickson.pdf ; current access available via PURL. 
500 |a Title from title screen (viewed on Sept. 23, 2008). 
500 |a "July 2006." 
500 |a "Air Force Fellows, College of Aerospace Doctrine, Research and Education, Air University." 
504 |a Includes bibliographical references. 
500 |a Electronic resource. 
610 2 0 |a North Atlantic Treaty Organization  |z Russia (Federation) 
610 2 0 |a North Atlantic Treaty Organization  |x Membership. 
651 0 |a Russia (Federation)  |x Foreign relations. 
776 1 |a Hendrickson, Gordon B.  |t Future of NATO-Russian relations  |h xiii, 59 p.  |w (OCoLC)82955338 
830 0 |a Walker paper (Maxwell Air Force Base, Ala.) ;  |v no. 6. 
856 4 0 |u https://purl.fdlp.gov/GPO/LPS102766  |t 0 
999 |a MARS 
999 f f |s e8c78610-631b-369f-aa5d-79a4b93d87fa  |i 4e1c2263-6a97-38ad-8c53-bc32467ad681  |t 0 
952 f f |a Texas A&M University  |b College Station  |c Electronic Resources  |d Available Online  |t 0  |e D 301.26/6-10:6  |h Superintendent of Documents classification 
998 f f |a D 301.26/6-10:6  |t 0  |l Available Online